Historia sucinta de la ciencia.
Đã lưu trong:
| Tác giả chính: | |
|---|---|
| Định dạng: | Sách |
| Được phát hành: |
Buenos Aires, Argentina:
Espasa Calpe, S.A.,
1951.
|
| Loạt: | Colección Austral.
|
| Những chủ đề: | |
| Các nhãn: |
Thêm thẻ
Không có thẻ, Là người đầu tiên thẻ bản ghi này!
|
MARC
| LEADER | 00000nam a22000007a 4500 | ||
|---|---|---|---|
| 003 | CL-VaPUC | ||
| 005 | 20220822114635.0 | ||
| 008 | 220718t1951 ||||| |||| 00| 0 eng d | ||
| 999 | |c 437145 |d 437143 | ||
| 040 | |c Pontificia Universidad Católica de Valparaíso | ||
| 082 | 7 | |a 509.82 BAB 1951 |2 22 | |
| 100 | |a Babini, José |9 301979 |e autor | ||
| 245 | |a Historia sucinta de la ciencia. | ||
| 260 | |a Buenos Aires, Argentina: |b Espasa Calpe, S.A., |c 1951. | ||
| 300 | |a 226 páginas. | ||
| 490 | |a Colección Austral. | ||
| 500 | |a c.1 Donación Familia Prof. Alejandro Guzmán Brito. | ||
| 583 | |c 20220718 |k Cristina María Rojas Aguilar | ||
| 650 | |a Ciencia |x Historia |9 870280 | ||
| 942 | |2 ddc |c BK |n 0 | ||
| 952 | |0 0 |1 0 |2 ddc |4 0 |6 509_820000000000000_BAB_1951 |7 0 |8 C_AGB |9 584894 |a BIBDER |b BIBDER |d 2022-07-18 |e Donación |i 5653013 |o 509.82 BAB 1951 |p 5653013 |r 2023-01-25 |t 1 |w 2022-07-18 |y BK_US |k AGB | ||